The tale of Peter Rabbit / (Record no. 988)

MARC details
000 -LEADER
fixed length control field 00875cam a2200265 a 4500
005 - DATE AND TIME OF LATEST TRANSACTION
control field 20231124151706.0
020 ## - INTERNATIONAL STANDARD BOOK NUMBER
International Standard Book Number 0307030717
040 ## - CATALOGING SOURCE
Original cataloging agency DLC
Transcribing agency DLC
Modifying agency DLC
Language of cataloging eng
050 00 - LIBRARY OF CONGRESS CALL NUMBER
Classification number PZ7.P85
Item number Tap 1993b
082 00 - DEWEY DECIMAL CLASSIFICATION NUMBER
Classification number Fic
Edition number 20
100 1# - MAIN ENTRY--PERSONAL NAME
Personal name Potter, Beatrix
Dates associated with a name 1866-1943
245 14 - TITLE STATEMENT
Title The tale of Peter Rabbit /
Statement of responsibility, etc. by Beatrix Potter ; illustrated by Cyndy Szekeres.
260 ## - PUBLICATION, DISTRIBUTION, ETC.
Place of publication, distribution, etc. Racine :
Name of publisher, distributor, etc. Western Publishing Company,
Date of publication, distribution, etc. 1993
300 ## - PHYSICAL DESCRIPTION
Extent 23 unnumbered page :
Other physical details colors illustrations ;
Dimensions 21 cm
490 0# - SERIES STATEMENT
Series statement A little golden book
505 ## - FORMATTED CONTENTS NOTE
Formatted contents note O <br/>
520 ## - SUMMARY, ETC.
Summary, etc. Peter disobeys his mother by going into Mr. McGregor's garden and almost gets caught.
521 ## - TARGET AUDIENCE NOTE
Target audience note 610 <br/>
Source Lexile <br/>
521 ## - TARGET AUDIENCE NOTE
Target audience note O <br/>
Source Raz-plus <br/>
650 #1 - SUBJECT ADDED ENTRY--TOPICAL TERM
Topical term or geographic name entry element Rabbits
General subdivision Fiction.
700 1# - ADDED ENTRY--PERSONAL NAME
Personal name Szekeres, Cyndy
Relator term illustrator
906 ## - LOCAL DATA ELEMENT F, LDF (RLIN)
a 7
b cbc
c orignew
d 3
e opcn
f 19
g y-gencatlg
942 ## - ADDED ENTRY ELEMENTS (KOHA)
Source of classification or shelving scheme Dewey Decimal Classification
Koha item type Books
Suppress in OPAC No
999 ## -
-- 988
-- 988
Holdings
Withdrawn status Lost status Source of classification or shelving scheme Damaged status Not for loan Collection Home library Current library Shelving location Date acquired Total Checkouts Full call number Barcode Date last seen Date last checked out Price effective from Koha item type
    Dewey Decimal Classification     Juvenile Fiction Footprints International School Library Network Toul Kork Campus Footprints International School Library Network Toul Kork Campus   07/17/2023 4 POT Fic PZ7.P85 FISBK00195 04/23/2025 02/06/2024 07/17/2023 Books